00961cam a2200253 a 4500999001500000001000500015003000900020005001700029008004100046020001500087040002800102082002000130100002100150245006400171260003700235300004000272490002700312504005400339600005800393650005700451650006900508942001200577952011800589 c3050d30506469BD-DhUAP20210130095651.0200301s1992 enka b 000 0 eng  a0714827657 aDLCcDLCdBD-DhUAPbEng 223a720.973 BRA1 aBrawne, Michael.10aMuseum fur Kunsthandwerk : Richard Meier /cMichael Brawne. aLondon :bPhaidon Press,cc1992. a60 pages :billustrations ;c30 cm. aArchitecture in detail aIncludes bibliographical references (p. [58-59]).10aMeier, Richard,d1934-xCriticism and interpretation. 0aArt museum architecturezGermanyzFrankfurt am Main. 0aArchitecturezGermanyzFrankfurt am MainxHistoryy20th century. 2ddccBK 00102ddc4070aUAPCLbUAPCLcGeneral Stacksd2020-03-01o720.973 BRAp3010006469r2020-03-01t1w2020-03-01yBK